[Event "SWE-ch"]
[Site "Lidkoping"]
[Date "1999.??.??"]
[Round "1"]
[White "Brynell, Stellan"]
[Black "Astrom, Robert"]
[Result "1/2-1/2"]
[WhiteElo "2488"]
[BlackElo "2452"]
[PlyCount "36"]
[EventDate "1999.??.??"]
[EventType "tourn"]
[EventRounds "13"]
[EventCountry "SWE"]
[EventCategory "8"]
[SourceTitle "EXT 2006"]
[Source "ChessBase"]
[SourceDate "2005.11.24"]
[SourceVersion "1"]
[SourceVersionDate "2005.11.24"]
[SourceQuality "1"]

1. e4 c5 2. Nf3 d6 3. Bb5+ Bd7 4. Bxd7+ Qxd7 5. c4 Nc6 6. d4 cxd4 7. Nxd4 Nf6 8. Nc3 g6 9. 0-0 Bg7 10. Nde2 0-0 11. f3 Rfd8 12. Bg5 h6 13. Bh4 g5 14. Bf2 e6 15. Qd2 d5 16. cxd5 exd5 17. Rad1 dxe4 18. Qxd7 Nxd7 1/2-1/2

[Event "SWE-chT 9899"]
[Site "Sweden"]
[Date "1998.10.17"]
[Round "2"]
[White "Svensson, Bengt"]
[Black "Astrom, Robert"]
[Result "0-1"]
[WhiteElo "2395"]
[BlackElo "2460"]
[PlyCount "68"]
[EventDate "1998.??.??"]
[EventType "team"]
[EventRounds "11"]
[EventCountry "SWE"]
[SourceTitle "EXT 2000"]
[Source "ChessBase"]
[SourceDate "1999.11.16"]
[SourceVersion "1"]
[SourceVersionDate "1999.11.16"]
[SourceQuality "1"]

1. e4 c5 2. Nf3 d6 3. d4 cxd4 4. Nxd4 Nf6 5. Nc3 a6 6. Bg5 e6 7. f4 Be7 8. Qf3 Qc7 9. 0-0-0 Nbd7 10. g4 b5 11. Bxf6 Nxf6 12. g5 Nd7 13. h4 b4 14. Nce2 Nc5 15. f5 e5 16. Nb3 Nxe4 17. Bg2 Bb7 18. Qe3 d5 19. Bxe4 dxe4 20. Ng3 Rc8 21. Rh2 Bc5 22. Qe2 e3 23. f6 0-0 24. fxg7 Rfd8 25. Rxd8+ Rxd8 26. Nh5 Be7 27. Qxe3 Qc4 28. Nd2 Qxa2 29. Qxe5 Bf3 30. Rh1 Bxh5 31. Qxe7 Qd5 32. Qe1 Kxg7 33. Rf1 a5 34. Ne4 Re8 0-1

[Event "SWE-ch"]
[Site "Ronneby"]
[Date "1998.??.??"]
[Round "2"]
[White "Astrom, Robert"]
[Black "Agrest, Evgenij"]
[Result "1/2-1/2"]
[WhiteElo "2460"]
[BlackElo "2525"]
[PlyCount "119"]
[EventDate "1998.07.??"]
[EventType "tourn"]
[EventRounds "13"]
[EventCountry "SWE"]
[EventCategory "7"]
[SourceTitle "EXT 1999"]
[Source "ChessBase"]
[SourceDate "1998.11.16"]
[SourceVersion "1"]
[SourceVersionDate "1998.11.16"]
[SourceQuality "1"]

1. d4 d6 2. Nf3 g6 3. c4 f5 4. g3 Nf6 5. Bg2 Bg7 6. 0-0 0-0 7. Nc3 c6 8. d5 Bd7 9. Rb1 Na6 10. dxc6 bxc6 11. b3 Qe8 12. Bb2 Rd8 13. e3 h6 14. Ba1 Qf7 15. Nd2 e5 16. b4 Nb8 17. Qa4 Be6 18. b5 cxb5 19. Nxb5 a6 20. Nc3 e4 21. Ne2 Bd7 22. Qa3 Bc6 23. Rfc1 Ba8 24. Nb3 Rfe8 25. h3 Kh7 26. Na5 Qa7 27. Bd4 Qe7 28. Nc3 Rc8 29. Na4 Nbd7 30. Nb6 Rc7 31. Nxd7 Nxd7 32. Bxg7 Kxg7 33. Rd1 Nc5 34. Nb3 Nd3 35. Nc1 Nc5 36. Nb3 Nd3 37. Nc1 Nc5 38. Rb6 Rd8 39. Nb3 Nd3 40. Nc1 Ne5 41. Bf1 Bb7 42. Rdxd6 Rxd6 43. Rxd6 Kh7 44. c5 Nd7 45. Ne2 Nxc5 46. Rb6 Nd3 47. Qxe7+ Rxe7 48. Nf4 Nxf4 49. gxf4 h5 50. a4 Rc7 51. h4 Bc8 52. Rb4 a5 53. Rc4 Rxc4 54. Bxc4 Bd7 55. Bb3 Kg7 56. Kf1 Kf6 57. Ke2 Be6 58. Bxe6 Kxe6 59. Kd2 Kd5 60. Kc3 1/2-1/2

[Event "SWE-ch"]
[Site "Ronneby"]
[Date "1998.??.??"]
[Round "10"]
[White "Astrom, Robert"]
[Black "Akesson, Joel"]
[Result "1-0"]
[WhiteElo "2460"]
[BlackElo "2290"]
[PlyCount "165"]
[EventDate "1998.07.??"]
[EventType "tourn"]
[EventRounds "13"]
[EventCountry "SWE"]
[EventCategory "7"]
[SourceTitle "EXT 1999"]
[Source "ChessBase"]
[SourceDate "1998.11.16"]
[SourceVersion "1"]
[SourceVersionDate "1998.11.16"]
[SourceQuality "1"]

1. Nf3 Nf6 2. c4 c5 3. Nc3 d5 4. cxd5 Nxd5 5. g3 g6 6. Bg2 Bg7 7. 0-0 0-0 8. Nxd5 Qxd5 9. d3 Nc6 10. Be3 Bxb2 11. Rb1 Bg7 12. Qa4 Nb4 13. Ng5 Bd7 14. Bxd5 Bxa4 15. Bxb7 Rab8 16. Bxc5 Nxa2 17. Bf3 Nc3 18. Rxb8 Rxb8 19. Bxa7 Rc8 20. Ne4 Nb5 21. Be3 Nd4 22. Bxd4 Bxd4 23. Rb1 Bc6 24. Ng5 Bf6 25. Bxc6 Bxg5 26. Rb6 Bf6 27. Kg2 Kg7 28. f4 Bd4 29. Ra6 Rc7 30. Bb5 Rc1 31. Bc4 Re1 32. Kf3 f5 33. Re6 Rf1+ 34. Kg2 Rf2+ 35. Kh3 Bf6 36. e4 g5 37. exf5 gxf4 38. Kg4 fxg3 39. hxg3 Rf1 40. Re2 h5+ 41. Kxh5 Rxf5+ 42. Kg4 Re5 43. Ra2 Rg5+ 44. Kf4 Kg6 45. g4 Be5+ 46. Kf3 Bd4 47. Ra6+ Kg7 48. Kf4 Rg6 49. Be6 Bc5 50. Ke4 Bd6 51. Bf5 Rh6 52. d4 Rh8 53. Ra1 Re8 54. Kd5 Bf4 55. Bd7 Rf8 56. Re1 Bd6 57. Bf5 Rf6 58. Rf1 Bg3 59. Rd1 Rd6+ 60. Kc4 Rc6+ 61. Kb5 Rd6 62. d5 Bh4 63. Be6 Rd8 64. Kc6 Bg3 65. Bd7 Rf8 66. Rd2 Bd6 67. Bf5 Ra8 68. Kd7 Ra3 69. Rd1 Ra7+ 70. Ke6 Ra6 71. Bd3 Rb6 72. g5 Rb8 73. Rh1 Rb6 74. Rh7+ Kg8 75. g6 Rb3 76. Bf5 Rb7 77. Rf7 Bb4 78. Ke5 Bc3+ 79. Ke4 Rb4+ 80. Kd3 Bf6 81. Be6 Rb3+ 82. Kc4 Rc3+ 83. Kb4 1-0